Central Library OPAC University of Rajshahi

Understanding Oracle / (Record no. 2549)

MARC details
000 -LEADER
fixed length control field 00704nam a2200229 a 4500
001 - CONTROL NUMBER
control field 2549
003 - CONTROL NUMBER IDENTIFIER
rucl marc code BD-RjUL
005 - DATE AND TIME OF LATEST TRANSACTION
control field 20211208233558.0
008 - FIXED-LENGTH DATA ELEMENTS--GENERAL INFORMATION
fixed length control field 161106s1992 i 001 0 eng d
035 ## - SYSTEM CONTROL NUMBER
System control number (BD-RjUL)2576
040 ## - CATALOGING SOURCE
Original cataloging agency DLC
Transcribing agency DLC
Modifying agency m.c
-- BD-RjUL
Language of cataloging eng
041 ## - LANGUAGE CODE
Language code of text/sound track or separate title eng
082 ## - DEWEY DECIMAL CLASSIFICATION NUMBER
Classification number 005.756
Author mark and year PEU 1992
Edition number 23
100 1# - MAIN ENTRY--PERSONAL NAME
Personal name Perry, James T
9 (RLIN) 162276
245 10 - TITLE STATEMENT
Title Understanding Oracle /
Statement of responsibility, etc. James T Perry; Joseph G Lateer
260 ## - PUBLICATION, DISTRIBUTION, ETC. (IMPRINT)
Place of publication, distribution, etc. New Delhi :
Name of publisher, distributor, etc. BPB Publications,
Date of publication, distribution, etc. 1991 [ Printing 1992] .
300 ## - PHYSICAL DESCRIPTION
Pagination xxx, 634 p. :
Illustrations ill. ;
Size 25 cm
504 ## - BIBLIOGRAPHY, ETC. NOTE
Bibliography, etc Includes Bibliographical References and Index
650 ## - SUBJECT ADDED ENTRY--TOPICAL TERM
Topical term or geographic name as entry element Relational databases
9 (RLIN) 118220
700 ## - ADDED ENTRY--PERSONAL NAME
Personal name Lateer, Joseph G
942 ## - ADDED ENTRY ELEMENTS (KOHA)
Source of classification or shelving scheme Dewey Decimal Classification
Koha item type Books
Holdings
Lost status Source of classification or shelving scheme Damaged status Not for loan Collection code Permanent Location Current Location Shelving location Date acquired Source of acquisition Cost, normal purchase price Total Checkouts Full call number Date last seen Copy number Koha item type
  Dewey Decimal Classification     Non-fiction Central Library, University of Rajshahi Central Library, University of Rajshahi   06/08/2000 Dhaka, Ankur Prakashani 247.00   005.756 PEU 1992 06/11/2016 C-2 Books
  Dewey Decimal Classification   Not For Loan Non-fiction Central Library, University of Rajshahi Central Library, University of Rajshahi Reading Room 02/04/2000 Dhaka, Lucky Syndiccate 250.00   005.756 PEU 1992 14/03/2017 C-1 Books